header

Pathogen detection methods (Record no. 163868)

MARC details
000 -LEADER
fixed length control field 01693nam a2200373 a 4500
082 04 - DEWEY DECIMAL CLASSIFICATION NUMBER
Classification number 610.28/4
100 1# - MAIN ENTRY--AUTHOR NAME
Personal name Baldrich, Eva.
245 10 - TITLE STATEMENT
Title Pathogen detection methods
260 ## - PUBLICATION, DISTRIBUTION, ETC. (IMPRINT)
Place of publication Hauppauge, N.Y. :
Name of publisher Nova Science Publishers,
Year of publication 2010.
300 ## - PHYSICAL DESCRIPTION
Number of Pages 142 p. :
Other physical details ill.
490 1# - SERIES STATEMENT
Series statement Biotechnology in agriculture, industry and medicine
505 0# - FORMATTED CONTENTS NOTE
Formatted contents note Pathogens at the human environment -- Conventional and rapid methods for pathogen detection -- Biosensors : an alternative to traditional methods -- Biosensors for pathogen detection -- Drawbacks and future trends in pathogen biosensors.
650 #0 - SUBJECT ADDED ENTRY--TOPICAL TERM
Topical Term Biosensors.
Topical Term Food
Topical Term Food
700 1# - ADDED ENTRY--PERSONAL NAME
Personal name Garcia-Aljaro, Cristina.
856 40 - ELECTRONIC LOCATION AND ACCESS
Uniform Resource Identifier http://site.ebrary.com/lib/rucke/Doc?id=10674974

No items available.

© 2026 Rongo University
Contact us: librarian | system librarian | Rongo university